000 00867nam a22002777a 4500
003 CHAP
005 20220329143153.0
008 061002d2000 r 00110 eng d
010 _a92833
011 _a93805
020 _a9058082385
035 _a104386
040 _cCHAP
082 0 4 _a575.2
_bD4
100 1 _aDe Boef, Walter S.
_931380
245 1 0 _aTales of the unpredictable:
_blearning about institutional frameworks that support faarmer management of agro-biodiversity
_c/by Walter S. de Boef
260 _aWageningen :
_bWageningen University,
_c2000.
300 _a233 p.
590 _aBATCH-UPD
_b10
_c20130110
_lUCH01
_h1956
590 _aCONVERSION
_b10
_c20130109
_lUCH01
_h1351
650 1 4 _aBiodiversidad.
_912724
901 _aBK
905 _aLilia
942 _cLIBRO
949 _a575.2 D4
_bBC
_cLIBRO
_d33724000995098
_eLIBRO
_h108274
_i104386
_sb
999 _c92833
_d92833